000 00516nam a2200193Ia 4500
008 140626s9999 xx 000 0 und d
100 _aPangilinan, Carlo.
245 _aTansong ginto :
_b alaala, lunan at ideolohiya sa loob at labas ng museo ng iilan /
_c Carlo.Pangilinan
260 _cc2011.
300 _a8 : 1, page 71
440 _aPlaridel
521 _aMC
650 _aClass.
650 _aCounter-memory.
650 _aIdeology.
650 _aMuseum studies.
650 _aSpace.
942 _cSE
999 _c121242
_d121242